Statistiques concernant Pokémon- Huitième Champion d'Arène

Cliquez ici pour prendre le quiz!

Statistiques générales

  • Ce quiz a été pris 49 fois
    (11 depuis la dernière actualisation)
  • Le résultat moyen est 79 sur 93

Statistiques - réponses

ChampionsVersionsPokémon% Correct
USULArcanin
100%
OAArcanin
100%
EVBalbalèze
100%
RSBarbicha
100%
JuanEBarbicha
100%
XYBlizzaroi
100%
EColhomard
100%
LGPEDracaufeu
100%
HGSSDracaufeu
100%
SandraOADraco
100%
HGSSDracolosse
100%
NDrakkarmin
100%
BDrakkarmin
100%
EBDuralugon
100%
PlaÉlekable
100%
UrupXYHexagel
100%
OAHyporoi
100%
EHyporoi
100%
IrisBIncisache
100%
WatsonNIncisache
100%
USULLéviator
100%
HGSSLéviator
100%
OALéviator
100%
BDSPLéviator
100%
ROSALéviator
100%
ELokhlass
100%
ELovdisc
100%
RSLovdisc
100%
ROSALudicolo
100%
BDSPMagnézone
100%
RSMilobellus
100%
N2B2Moyade
100%
RBNidoking
100%
RBNidoqueen
100%
USULNoadkoko
100%
OANoadkoko
100%
DPOctillery
100%
JPersian
100%
TanguyDPRaichu
100%
HGSSRhinastoc
100%
USULRhinastoc
100%
GiovanniRBRhinocorne
100%
OARhinoféros
100%
RBRhinoféros
100%
OARoucarnage
100%
XYSéracrawl
100%
NTranchodon
100%
BTranchodon
100%
RBTriopikeur
100%
PlaVoltali
100%
AmanaN2B2Wailord
100%
ROSAWailord
100%
EVAltaria
75%
BDSPBekipan
75%
EVBeldeneige
75%
DPCapidextre
75%
EBChartor
75%
N2B2Démanta
75%
EBDunaconda
75%
RoyEBGigalithe
75%
EKaimorse
75%
RBKangourex
75%
PlaLanturn
75%
EBLibégon
75%
DPLuxray
75%
N2B2Mégapagos
75%
USULMewtwo
75%
BDSPMotisma Chaleur
75%
BDSPMotisma Lavage
75%
RBOnix
75%
EPhogleur
75%
MarcRSPhogleur
75%
USULPtéra
75%
HGSSPtéra
75%
ROSATentacruel
75%
HGSSTyranocif
75%
BlueOAAlakazam
50%
EBBoumata
50%
HGSSCorboss
50%
EVDimoret
50%
BDSPÉlecthor
50%
EV(Disque Indigo)Feunard d'Alola
50%
BDSPLaggron
50%
HGSSMackogneur
50%
EBMuplodocus
50%
RBNidorino
50%
USULOssatueur
50%
RSPoissoroy
50%
GrushaEVPolagriffe
50%
EPtitard
50%
ETarpaud
50%
LGPETauros
50%
ETêtarte
50%

Distribution des résultats

Percentile par nombre de réponses

% des personnes avec chaque résultat

Votre développement - résultats

Vous n’avez pas pris ce quiz depuis la dernière actualisation